Guidelines on Human Rights

Bibliographic Details
Corporate Author: Consejo de la Unin̤ Europea. Secretara̕ General
Format: Unknown
Language:Spanish
Published: [Luxembourg] : European Union Publications Office, 2005
Subjects:
Online Access:Acceso restringido

MARC

LEADER 00000ny a22000003n 4500
005 20110523141518.0
008 080613s2005 sp s 000 0 spa c
020 |a 9282431304 
035 |a 1776 
040 |a UMA.RE  |d vLex 
080 |a 341.231.14(0.034) 
090 |c 170  |d 170 
245 0 0 |a Guidelines on Human Rights  |h [Recurso electrn̤ico]  |c Council of the European Union Secretariat General 
256 |a Servicio en ln̕ea 
260 |a [Luxembourg] :  |b European Union Publications Office,  |c 2005 
506 1 |a Contenido solo disponible en los productos indicados  |d vLex Global  |d vLex Global (Academic Edition, excluding Law Schools)  |d vLex Global (U.S. Academic Edition, Law Schools)  |d vLex Global (U.S. Academic Edition, excluding Law Schools)  |d vLex Global (Academic Edition, Law Schools) 
650 0 7 |a Derechos humanos  |2 Tesauro vLex 
650 0 7 |a Constitucional  |2 Tesauro vLex 
710 2 |a Consejo de la Unin̤ Europea.  |b Secretara̕ General 
740 0 |a vLex Libros (Servicios en ln̕ea) 
856 4 0 |u http://vlex.com/source/1776  |z Acceso restringido 
942 |c BOOK 
999 0 |a Human rights  |b Luxembourg